[Event "Scarborough CC Falling Leaves U1700"]
[Site "Toronto"]
[Date "2010.12.09"]
[Round "7"]
[White "Philip, Andrew"]
[Black "Spiliotopoulos, Yakos"]
[Result "0-1"]
[WhiteElo "1593"]
[BlackElo "1467"]
[PlyCount "62"]
[EventDate "2010.10.28"]
[EventType "swiss"]
[EventRounds "7"]
[EventCountry "CAN"]
[SourceTitle "EXT 2022"]
[Source "ChessBase"]
[SourceDate "2021.10.06"]
[SourceVersion "1"]
[SourceVersionDate "2021.10.06"]
[SourceQuality "1"]

1. d4 Nf6 2. Bg5 e6 3. e3 Be7 4. Bd3 c5 5. c3 cxd4 6. exd4 Nc6 7. Nf3 a6 8. Qc2 h6 9. Bh4 b5 10. 0-0 Bb7 11. Nbd2 Rc8 12. Qd1 d6 13. Re1 g5 14. Bxg5 hxg5 15. Nxg5 Nd5 16. Rxe6 Kd7 17. Nxf7 Qg8 18. Bf5 Kc7 19. Nxh8 Nf4 20. Rg6 Qxh8 21. Rg4 Nd5 22. Bxc8 Kxc8 23. Qe2 Nf6 24. Rg3 Bd8 25. Qe6+ Kb8 26. Re1 d5 27. Nf3 Bc8 28. Qxc6 Ne4 29. Rxe4 dxe4 30. Qxe4 Bc7 31. Ne5 Qh6 0-1

[Event "Scarborough CC Spring Swiss U1700"]
[Site "Toronto"]
[Date "2008.03.27"]
[Round "3"]
[White "Philip, Andrew"]
[Black "Song, Michael"]
[Result "1-0"]
[WhiteElo "1675"]
[BlackElo "1331"]
[PlyCount "111"]
[EventDate "2008.03.13"]
[EventType "swiss"]
[EventRounds "8"]
[EventCountry "CAN"]
[SourceTitle "EXT 2011"]
[Source "ChessBase"]
[SourceDate "2010.11.26"]
[SourceVersion "1"]
[SourceVersionDate "2010.11.26"]
[SourceQuality "1"]

1. d4 Nf6 2. Bg5 e6 3. c4 d5 4. cxd5 exd5 5. Nc3 Be7 6. e3 Bf5 7. Bd3 Bxd3 8. Qxd3 c6 9. Nf3 Nbd7 10. 0-0 0-0 11. a3 Ne4 12. Bxe7 Qxe7 13. b4 Rac8 14. Na4 f5 15. Rab1 Nb6 16. Nxb6 axb6 17. Rfd1 g5 18. Nd2 g4 19. Nxe4 fxe4 20. Qe2 Qh4 21. g3 Qf6 22. Qxg4+ Kh8 23. Rd2 Qf3 24. Qxf3 exf3 25. Rc1 Rfd8 26. Rdc2 Rd7 27. h4 Kg7 28. b5 Rdc7 29. Kh2 c5 30. g4 Ra8 31. dxc5 Rxa3 32. cxb6 Rxc2 33. Rxc2 Rb3 34. Rc7+ Kg6 35. Rxb7 Rxb5 36. Kg3 h5 37. gxh5+ Kxh5 38. Rb8 Kg6 39. b7 Kg7 40. Kxf3 Rb6 41. Kf4 Kh7 42. Ke5 Rb5 43. f4 Kg7 44. f5 Rb6 45. f6+ Kf7 46. h5 d4 47. exd4 Re6+ 48. Kd5 Ra6 49. Rf8+ Kxf8 50. b8Q+ Kf7 51. Qb7+ Kxf6 52. Qxa6+ Kg5 53. Qg6+ Kf4 54. Qe4+ Kg5 55. Ke5 Kh6 56. Qg6# 1-0

[Event "Scarborough CC Spring Swiss U1700"]
[Site "Toronto"]
[Date "2008.03.13"]
[Round "1"]
[White "Philip, Andrew"]
[Black "Farhang, Arvin"]
[Result "1/2-1/2"]
[WhiteElo "1675"]
[BlackElo "1523"]
[PlyCount "64"]
[EventDate "2008.03.13"]
[EventType "swiss"]
[EventRounds "8"]
[EventCountry "CAN"]
[SourceTitle "EXT 2011"]
[Source "ChessBase"]
[SourceDate "2010.11.26"]
[SourceVersion "1"]
[SourceVersionDate "2010.11.26"]
[SourceQuality "1"]

1. d4 d5 2. Bg5 Nf6 3. Bxf6 exf6 4. e3 c6 5. c4 dxc4 6. Bxc4 Bd6 7. Nc3 0-0 8. Qc2 Nd7 9. 0-0-0 g6 10. Nf3 f5 11. h4 Nf6 12. Ne5 Be6 13. Be2 Qe7 14. h5 c5 15. hxg6 fxg6 16. Nc4 cxd4 17. Nxd6 dxc3 18. bxc3 Rad8 19. Nb5 Rc8 20. Kb1 Qc5 21. Rc1 Ne4 22. Nd4 Qb6+ 23. Ka1 Rxc3 24. Qa4 Rxc1+ 25. Rxc1 Rd8 26. Nxe6 Qxe6 27. Bc4 Rd5 28. Bxd5 Qxd5 29. Qc4 Qxc4 30. Rxc4 Nxf2 31. Rc7 Ng4 32. Re7 h5 1/2-1/2

[Event "Toronto Howard Ridout Swiss U1700"]
[Site "Toronto"]
[Date "2007.10.18"]
[Round "6"]
[White "Xia, Linda"]
[Black "Philip, Andrew"]
[Result "0-1"]
[WhiteElo "1323"]
[BlackElo "1660"]
[PlyCount "54"]
[EventDate "2007.09.13"]
[EventType "swiss"]
[EventRounds "7"]
[EventCountry "CAN"]
[SourceTitle "EXT 2022"]
[Source "ChessBase"]
[SourceDate "2021.10.06"]
[SourceVersion "1"]
[SourceVersionDate "2021.10.06"]
[SourceQuality "1"]

1. d4 d5 2. c4 c6 3. Nc3 Nf6 4. Nf3 e6 5. Bg5 Be7 6. e3 Nbd7 7. Bd3 0-0 8. 0-0 h6 9. Bh4 b6 10. Re1 Bb7 11. a3 c5 12. Rb1 Rc8 13. b3 cxd4 14. Nxd4 Ne5 15. Bf1 Bxa3 16. b4 Nxc4 17. Rb3 Bb2 18. Bxc4 Bxc3 19. Bxf6 Qxf6 20. Rxc3 Rxc4 21. Rxc4 dxc4 22. Qc2 Rc8 23. Nb5 Qg5 24. f4 Qxb5 25. Rb1 f5 26. Qc3 Qd5 27. Rb2 Qd3 0-1

[Event "Scarborough CC Spring Swiss"]
[Site "Toronto"]
[Date "2007.05.03"]
[Round "8"]
[White "Samaroo, Muneshwar"]
[Black "Philip, Andrew"]
[Result "0-1"]
[WhiteElo "1513"]
[BlackElo "1642"]
[PlyCount "104"]
[EventDate "2007.03.15"]
[EventType "swiss"]
[EventRounds "8"]
[EventCountry "CAN"]
[SourceTitle "EXT 2022"]
[Source "ChessBase"]
[SourceDate "2021.10.06"]
[SourceVersion "1"]
[SourceVersionDate "2021.10.06"]
[SourceQuality "1"]

1. e4 Nc6 2. Nf3 d6 3. Bc4 Nf6 4. d3 e6 5. c3 Be7 6. 0-0 0-0 7. h3 h6 8. b4 a6 9. Re1 d5 10. exd5 exd5 11. Bb3 d4 12. a3 Re8 13. Bb2 dxc3 14. Nxc3 Nd4 15. Ba2 Bf5 16. Ne4 Ne6 17. Rc1 c6 18. Nxf6+ Bxf6 19. d4 Qb6 20. Ne5 Bxe5 21. dxe5 Rad8 22. Qh5 Bg6 23. Qg4 a5 24. Red1 axb4 25. Rxd8 Qxd8 26. Rd1 Qe7 27. axb4 h5 28. Qc4 Qg5 29. h4 Qf4 30. Qxf4 Nxf4 31. g3 Nd3 32. Bc3 Nxe5 33. Bxe5 Rxe5 34. Rd8+ Kh7 35. Rd7 Re1+ 36. Kh2 Be4 37. g4 Rh1+ 38. Kg3 Rg1+ 39. Kf4 Rxg4+ 40. Ke3 Rxh4 41. Rxf7 Bg2 42. f3 Rxb4 43. Be6 h4 44. Rf5 Kh6 45. Bf7 g6 46. Rf6 h3 47. Rxg6+ Kh7 48. Rxg2 hxg2 49. Kf2 Rb2+ 50. Kg1 c5 51. f4 Kg7 52. Bd5 b6 0-1

[Event "Scarborough CC Spring Swiss"]
[Site "Toronto"]
[Date "2007.04.19"]
[Round "6"]
[White "Philip, Andrew"]
[Black "Mesiti, Silvano"]
[Result "0-1"]
[WhiteElo "1694"]
[BlackElo "1782"]
[PlyCount "54"]
[EventDate "2007.03.15"]
[EventType "swiss"]
[EventRounds "8"]
[EventCountry "CAN"]
[SourceTitle "EXT 2022"]
[Source "ChessBase"]
[SourceDate "2021.10.06"]
[SourceVersion "1"]
[SourceVersionDate "2021.10.06"]
[SourceQuality "1"]

1. d4 d5 2. Bg5 Nf6 3. Bxf6 gxf6 4. Nf3 Bf5 5. e3 Nc6 6. Bd3 Bg6 7. 0-0 Qd6 8. a3 0-0-0 9. Qe2 Bh5 10. c4 dxc4 11. Bxc4 e5 12. dxe5 fxe5 13. Nc3 f5 14. Rfd1 Qf6 15. Rxd8+ Nxd8 16. e4 f4 17. Nd5 Qg7 18. Qd3 Bxf3 19. Qxf3 Nc6 20. Qh3+ Kb8 21. Rc1 Bd6 22. Qe6 Rf8 23. f3 h5 24. Qh3 Rh8 25. Qh4 Nd4 26. Kf2 Bc5 27. b4 Nf5+ 0-1